Statistics for All Countries to Make it to Knockout Stages - FIFA World Cup

Click here to take the quiz!

General Stats

  • This quiz has been taken 70 times
  • The average score is 47 of 55

Answer Stats

YearLeaguePlaceNational Team% Correct
1934UEFARound of 16France
98%
1930CONMEBOL2Argentina
97%
1934CONMEBOLRound of 16Brazil
97%
1930CONMEBOL1Uruguay
97%
1934UEFARound of 16Belgium
95%
1934UEFA3Germany
95%
1934UEFA1Italy
95%
2002AFC4South Korea
95%
1998UEFA4Croatia
93%
2002AFCRound of 16Japan
93%
2002UEFA3Turkey
93%
1930CONCACAF3United States
93%
1986CAFRound of 16Morocco
92%
1966UEFA3Portugal
92%
1934UEFAQuarterfinalsSpain
92%
1934UEFAQuarterfinalsSwitzerland
92%
1934UEFA4Austria
90%
2014CONMEBOLQuarterfinalsColombia
90%
1986UEFARound of 16Denmark
90%
1990UEFAQuarterfinalsIreland
90%
1970CONCACAFQuarterfinalsMexico
90%
1934UEFARound of 16Netherlands
90%
2018UEFAQuarterfinalsRussia
90%
1934UEFAQuarterfinalsSweden
90%
2006UEFAQuarterfinalsUkraine
90%
1954UEFAQuarterfinalsEngland
88%
1986CONMEBOLRound of 16Paraguay
88%
1938UEFARound of 16Poland
88%
2002CAFQuarterfinalsSenegal
88%
2006AFCRound of 16Australia
87%
1962CONMEBOL3Chile
87%
2014UEFARound of 16Greece
87%
1934UEFAQuarterfinalsHungary
87%
1938UEFARound of 16Norway
87%
1970CONMEBOLQuarterfinalsPeru
87%
1934UEFARound of 16Romania
87%
1958UEFAQuarterfinalsWales
87%
2014CAFRound of 16Algeria
85%
1990CAFQuarterfinalsCameroon
85%
1990CONCACAFRound of 16Costa Rica
85%
1930UEFA4Yugoslavia
85%
1986UEFARound of 16Bulgaria
83%
1934UEFA2Czechoslovakia
83%
1934CAFRound of 16Egypt
83%
1958UEFAQuarterfinalsNorthern Ireland
83%
2006CONMEBOLRound of 16Ecuador
80%
2010UEFARound of 16Slovakia
80%
2006CAFRound of 16Ghana
78%
1994CAFRound of 16Nigeria
78%
1966AFCQuarterfinalsNorth Korea
77%
1958UEFAQuarterfinalsSoviet Union
77%
1938CONCACAFQuarterfinalsCuba
75%
1994AFCRound of 16Saudi Arabia
73%
1938AFCRound of 16Dutch East Indies
52%
1998UEFARound of 16FR Yugoslavia
30%

Score Distribution

Percentile by Number Answered

Percent of People with Each Score

Your Score History

You have not taken this quiz